| 000 -LEADER |
| fixed length control field |
00725nam a22002297a 4500 |
| 005 - DATE AND TIME OF LATEST TRANSACTION |
| control field |
20131126101841.0 |
| 008 - FIXED-LENGTH DATA ELEMENTS--GENERAL INFORMATION |
| fixed length control field |
041216c19799999enkuu 0 0eng |
| 020 ## - INTERNATIONAL STANDARD BOOK NUMBER |
| International Standard Book Number |
0406934193 |
| 041 0# - LANGUAGE CODE |
| Language code of text/sound track or separate title |
eng |
| 080 ## - UNIVERSAL DECIMAL CLASSIFICATION NUMBER |
| Universal Decimal Classification number |
347 |
| Common auxiliary subdivision |
(035) |
| 245 00 - TITLE STATEMENT |
| Title |
Butterworths employment law handbook / |
| 246 30 - VARYING FORM OF TITLE |
| Title proper/short title |
Employment law handbook |
| 250 ## - |
| -- |
9th edition |
| 260 ## - |
| -- |
London : |
| -- |
Butterworths ; |
| -- |
2000. |
| 300 ## - |
| -- |
2018 f. : |
| -- |
25 cm. |
| 500 ## - |
| -- |
Editor: P. Wallington. |
| 515 ## - NUMBERING PECULIARITIES NOTE |
| Numbering peculiarities note |
Issue published in 1979 lacks numbering and designation, but constitutes 1st ed. |
| 650 #0 - |
| -- |
Ligjet e Punës dhe legjislacioni |
| -- |
Britania e madhe |
| 650 #0 - |
| -- |
E drejta civile |
| -- |
Britania e madhe |
| 700 1# - |
| -- |
Wallington, Peter. |
| 942 ## - ADDED ENTRY ELEMENTS (KOHA) |
| Source of classification or shelving scheme |
|
| Item type |
Books |